Příprava ku konfirmacii

Bibliographic Details
Main Author: Vannay, Ladislav (Author)
Format: Book
Language:Czech
PhysicalDescription:27 s. 19 cm
Published: [V Senici Ján Bežo] 1901
Subjects:

MARC

LEADER 00000nam a2200000 a 4500
001 vtls001332338
003 SK-MaSNL
005 20260301065921.0
008 240314s1901 xo 0 cze
020 |c 5,00 
035 |a SNK000285239 
040 |a SNK  |b slo  |c SNK  |e AACR2 
044 |a xo  |c SK 
080 |a 265.2  |2 1981 
100 1 |a Vannay, Ladislav  |4 aut  |9 276783 
245 1 0 |a Příprava ku konfirmacii  |c sepsal: Ladislav Vannay 
260 |a [V Senici  |b Ján Bežo]  |c 1901  |e V Senici  |f Ján Bežo 
300 |a 27 s.  |c 19 cm 
650 0 7 |a konfirmácia  |2 SNKPH  |9 49884 
650 0 7 |a konfirmačná príprava  |2 SNKPH  |9 225230 
655 7 |a konfirmačné príručky  |2 SNKPH  |9 295523 
999 |c 632467  |d 634397 
952 |t P60, <03>, [BOOK], {603}  |a SNK  |b SNK  |y PREZ  |7 0  |p 17A0140688  |o snkSD 69429  |i snkK 940/98  |0 0  |1 0  |4 0  |d 1998-05-26  |l 0  |r 2005-01-02 00:00:00  |w 2026-02-23